banner-ar

SECONDO ELENCO DEI MANOSCRITTI ARABI ISLAMICI DELLA BIBLIOTECA VATICANA / (Record no. 12398)

MARC details
000 -الفاتح
حقل البيانات ثابتة الطول 00606nam a2200193Ia 4500
008 - عناصر البيانات ثابتة الطول - معلومات عامة
حقل البيانات ثابتة الطول 140319s9999 xx 000 0 eng d
040 ## - مصدر الفهرسة
وكالة الفهرسة الأصلية GCL /
وكالة النسخ GCL
082 04 - رقم تصنيف ديوى العشرى
رقم التصنيف 892.7
رقم المادة V
100 1# - المدخل الرئيسى - إسم شخصى
الإسم الشخصى DELLA VIDA, GIORGIO LEVI
245 10 - بيان العنوان
العنوان SECONDO ELENCO DEI MANOSCRITTI ARABI ISLAMICI DELLA BIBLIOTECA VATICANA /
بيان المسئوليه,etc DELLA VIDA, GIORGIO LEVI
260 ## - PUBLICATION, DISTRIBUTION, ETC. (IMPRINT)
تاريخ النشر أو التوزيع 1965
650 04 - المدخل الاضافى بالموضوع-مصطلح موضوعى
مصطلح موضوعي MANUSCRIPTS
650 04 - المدخل الاضافى بالموضوع-مصطلح موضوعى
مصطلح موضوعي BIBLIOGRAPHIES
650 04 - المدخل الاضافى بالموضوع-مصطلح موضوعى
مصطلح موضوعي MANUSCRIPTS, ARABIC
650 04 - المدخل الاضافى بالموضوع-مصطلح موضوعى
مصطلح موضوعي VATICAN - LIBRARY INDEX
650 04 - المدخل الاضافى بالموضوع-مصطلح موضوعى
مصطلح موضوعي VATICAN - ARABIC MANUSCRIPTS
942 ## - عناصر المدخل الإضافي( كوها)
مصدر التصنيف او مخطط الترفيف Dewey Decimal Classification
Koha [default] item type كتاب
260 ## - PUBLICATION, DISTRIBUTION, ETC. (IMPRINT)
-- [S.N] :
-- BIBLIOTECA APOSTOLICA VATICANA ،
Holdings
حالة التراجع حالة الفقد حالة تلف ليس للاعارة المكان المؤقت الموقع الحالى تاريخ الاكتساب اجمالي اﻻعارات رقم الطلب الباركود تاريخ اخر مشاهدة تاريخ تفعيل السعر نوع وعاء كوها
        مكتبة القاهرة الكبرى مكتبة القاهرة الكبرى 03/26/2014   892.7\V 24139 03/26/2014 03/26/2014 كتاب

Powered By

EGPV